000 00734nam a2200241 a 4500
001 000010504
005 20200929162236.0
008 091007s2006 pr 000 p spa d
020 _a1932271570
040 _aDO-SdBNP
_bspa
_cBNPHU
082 _aCu861.44
_bM375r
100 1 _aMartí Brenes, Carlos,
_d1950-
_93184
245 1 0 _aRara avis /
_cCarlos Martí Brenes ; correción Arístides Toledo.
260 _aSanto Domingo :
_bIsla Negra,
_c2006.
300 _a106 p. ;
_c22 cm.
490 1 _aFilo de Oro
650 4 _aPoesía cubana
_95226
650 4 _aLiteratura cubana
_91483
700 1 2 _aToledo, Arístides,
_ecorr.
_925509
830 0 _aFilo de Oro
_925510
910 _aValidado. Control de calidad MFF
049 _aBNPD
999 _c10263
_d10263